000 00449nam a22001697a 4500
003 NUST - PNEC
005 20170116180901.0
008 150901b xxu||||| |||| 00| 0 eng d
020 _a-
040 _cLIBRARY
082 _a620.106 GIL
100 _96309
_aGiles, Ranald V.
245 _aTheory and problems of fluid mechanics and hydraulic
_cRanald V. Giles
260 _cc1962
650 _96315
_aMechanical Engineering
_xME
942 _2ddc
_cBK
999 _c64955
_d64955